| 000 | 00762cam a22002651 4500 | ||
|---|---|---|---|
| 999 |
_c531424 _d531424 |
||
| 001 | 10278589 | ||
| 003 | NUST | ||
| 005 | 20191016103541.0 | ||
| 008 | 760108s1957 enk 000 0 eng | ||
| 010 | _a 57004212 | ||
| 035 | _a(OCoLC)1916448 | ||
| 038 | _aMuhammad Ibrahim | ||
| 040 |
_aDLC _cNBuC _dDLC |
||
| 042 | _apremarc | ||
| 050 | 0 | 0 |
_aDS54.8 _b.D8 1957 |
| 082 |
_a915.64 _bDUR 1957 |
||
| 100 | 1 |
_aDurrell, Lawrence. _924103 |
|
| 245 | 1 | 0 |
_aBitter lemons. _cLawrence Durrell |
| 260 |
_aLondon, _bFaber and Faber, _c1957 |
||
| 300 |
_a255 p. _billus. _c23 cm. |
||
| 651 | 0 |
_aCyprus _xSocial life and customs. _924104 |
|
| 651 | 0 |
_aCyprus _xPolitics and government. _924105 |
|
| 906 |
_a7 _bcbc _coclcrpl _du _encip _f19 _gy-gencatlg |
||
| 942 |
_2ddc _cBK |
||